| 000 | 00510nam a2200193Ia 4500 | ||
|---|---|---|---|
| 008 | 180523s9999 xx 000 0 und d | ||
| 020 | _a981-254-010-5 | ||
| 050 | _aMAIN QD 75.22 | ||
| 050 | _b.F86 2004 c.1 | ||
| 245 | 0 | _aFundamentals of analytical chemistry / | |
| 245 | 0 | _cDouglas A. Skoog… [et al]. | |
| 250 | _a8th Edition | ||
| 260 | _bThomson-Brooks/Cole, | ||
| 260 | _c2004 | ||
| 300 | _a1051 pages : | ||
| 300 | _c25 cm. | ||
| 500 | _aIncludes index. | ||
| 650 | _aChemistry, Analytic. | ||
| 999 |
_c357550 _d357550 |
||